1210 1816 1411 1081 1737 1518 1545 1684 1544 1264 1621 1260 1774 1732 1965 1465 1163 1773 1182 1088 1200 1513 1085 1384 1537 1704 1920 1012 1646 1311 1086 1785 1057 1825 1411 1158 1519 1356 1869 1234 1388 1563 1901 1000 1319 1156 1087 1655 1499 1384 1392 1521 1215 1516 1618 1490 1687 1313 1629 1134 1625 1353 1232 1858 1487 1641 1786 1791 1039 1085 1056 1663 1629 1331 1290 1205 1757 1628 1566 1721 1728 1933 1524 1515 1030 1220 1176 1831 1859 1063 1628 1063 1827 1374 1177 1446 1457 1419 1102 BCNSPRNW ULIB Ver.6.0+V

เปลี่ยนเป็นภาษาไทย

Change to English
 แสดงรายละเอียดบรรณานุกรม
  กลับหน้าหลัก

Brief Record : Get Marc (ISO 2709) : E-mail record : QR code < ปิดหน้าต่าง
LEADER : 00000nam 2200000uu 4500
001    13399114570
003     ULIB
008    120418s2545||||th 000 0 tha d
020    ^a974905136X
090    ^aรส.^bศ328ส 2545
100 0  ^aศักดิ์สิริ มีสมสืบ
245 00 ^aสมควรตาย : รวม 10 เรื่องสั้นของ นักเขียนรางวัลซีไรต์/^cศักดิ์สิริ มีสมสืบ
250    ^aพิมพ์ครั้งที่ 1
260    ^aกรุงเทพฯ :^bopenbooks,^c2545
300    ^a185 หน้า
710 1  ^aopenbooks
945    ^p0^l0^i11135
995    ^aกัณชพร
999    ^aใช้งานได้ทุกระบบ
รายการนี้ยังไม่มีแท็ก
คุณยังไม่ได้ล็อกอิน คุณสามารถมีกิจกรรมร่วมกับเว็บไซต์ได้ แต่ต้องล็อกอินก่อน ::
  ล็อกอิน

รายการสื่อสารสนเทศ

ลำดับที่ ประเภท เลขเรียก/บาร์โค้ด สถานที่ สถานะ
- ไม่พบข้อมูล -

BibComment


ยังไม่เคยถูกคอมเมนท์

คอมเมนท์ทรัพยากรรายการนี้
  คอมเมนท์: สมควรตาย รวม 10..


 Copyright 2026. Bcnsprnw @Library